| 000 | 01274ny a22003373n 4500 | ||
|---|---|---|---|
| 005 | 20240305165318.0 | ||
| 008 | 031103s2000 sp s 000 0 spa c | ||
| 017 | _aD.L. M.37957-2000 | ||
| 020 | _a8471309866 | ||
| 035 | _a1307 | ||
| 040 |
_aSpMaUCDE _dvLex |
||
| 040 |
_aUMA.RE _dvLex |
||
| 080 | _a343.272(460)(0.034) | ||
| 090 |
_c546 _d546 |
||
| 100 | 1 | _aAguado Correa, Teresa | |
| 245 | 1 | 3 |
_aEl comiso _h[Recurso electrónico] _cTeresa Aguado Correa |
| 256 | _aServicio en línea | ||
| 260 |
_aMadrid : _bEDERSA, _c2000 |
||
| 300 |
_a202 p. ; _c22 cm |
||
| 490 | 1 | _aMonografías | |
| 504 | _aBibliogr.: p. 193-202 | ||
| 506 | 1 |
_aContenido solo disponible en los productos indicados _dvLex Global _dvLex Global (Academic Edition, excluding Law Schools) _dvLex Global (U.S. Academic Edition, Law Schools) _dvLex Global (U.S. Academic Edition, excluding Law Schools) _dvLex Global (Academic Edition, Law Schools) |
|
| 650 | 0 | 7 |
_aCivil _2Tesauro vLex |
| 650 | 0 | 7 |
_aContrato de comisión _2Tesauro vLex |
| 650 | 0 | 7 |
_aPenas _2Tesauro vLex |
| 650 | 0 | 7 |
_aPenas accesorias _2Tesauro vLex |
| 740 | 0 | _avLex Libros (Servicios en línea) | |
| 830 | 0 | _aMonografías (Editoriales de Derecho Reunidas) | |
| 856 | 4 | 0 | _uhttps://app.vlex.com/#/sources/1307 |
| 942 | _cRAA | ||
| 999 |
_c159070 _d159070 |
||